La Liga Soccer Team Quiz - Statistics

General Stats
  • This quiz has been taken 183 times
  • The average score is 11 of 20
Answer Stats
Hint Answer % Correct
Lionel Messi's Team Barcelona
100%
Sergio Ramos's Team Real Madrid
99%
Antoine Griezmann's Team Atletico Madrid
96%
Ever Banega's Team Sevilla
82%
15th Place Valencia
76%
17th Place Athletic Bilbao
66%
14th Place Real Betis
66%
16th Place Villarreal
66%
10th Place Real Sociedad
63%
Diego Lopez's Team Espanyol
62%
7th Place Getafe
48%
11th Place Girona
44%
9th Place Levante
39%
5th Place Alaves
38%
19th Place Rayo Vallecano
35%
12th Place Eibar
32%
8th Place Real Valladolid
28%
Iago Aspas's Team Celta de Vigo
27%
18th Place Leganes
27%
20th Place Huesca
20%
No matching quizzes found
Score Distribution
Percent of People with Each Score
Percentile by Number Answered
Your Score History
You have not taken this quiz